000 00709nam a2200289Ia 4500
005 20260324122139.0
008 008 260324s9999 xx 000 0 eng d
020 _a9780203807279
037 _aEBOOK
040 _aCRL
040 _beng
040 _cCRL
041 _2eng
041 _aeng
084 _qCRL
100 _aFelix Lebed; Michael Bar-Eli
_91165298
245 0 _aComplexity and Control in Team Sports
245 0 _bDialectics in contesting human systems
260 _bTaylor and Francis
260 _c2013
365 _a
365 _b240
856 _uhttp://www.taylorfrancis.com/books/9780203807279
942 _cEBOOK
999 _c1757825
_d1757825